| 000 | 004330000a22001570004500 | ||
|---|---|---|---|
| 041 | 0 | _aSPA | |
| 082 | 0 | 4 | _aG 262 S117s |
| 245 | 1 | 0 | _aSoy miembro de una junta directiva : Cuál es mi responsabilidad? |
| 260 | _aBogotá, Colombia : Visión Mundial Internacional | ||
| 300 | _a41 pag | ||
| 001 | 9805 | ||
| 942 | _cBK | ||
| 999 |
_c39656 _d39656 |
||
| 336 |
_atexto _btxt _2rdacontent |
||
| 337 |
_2rdamedia _asin mediación _bn |
||
| 338 |
_2rdacarrier _avolumen _bnc |
||